[Event "Lloyds Bank Masters 14th"]
[Site "London"]
[Date "1990.08.24"]
[Round "7"]
[White "Arkell, Keith C"]
[Black "Kaidanov, Gregory S"]
[Result "1/2-1/2"]
[WhiteElo "2430"]
[BlackElo "2500"]
[PlyCount "48"]
[EventDate "1990.08.18"]
[EventType "swiss"]
[EventRounds "10"]
[EventCountry "ENG"]
[SourceTitle "BritBase"]
[Source "John Saunders"]
[SourceDate "2023.05.21"]
[SourceVersion "1"]
[SourceVersionDate "2023.05.21"]
[SourceQuality "1"]

1. d4 d5 2. c4 e6 3. Nf3 Nf6 4. Nc3 c6 5. cxd5 exd5 6. Bg5 Be7 7. Qc2 g6 8. e3
Bf5 9. Bd3 Bxd3 10. Qxd3 Nbd7 11. Bh6 Ng4 12. Bf4 O-O 13. h3 Ngf6 14. O-O Re8
15. Ne5 Nf8 16. Bh2 N6d7 17. Rab1 a5 18. Qc2 Nxe5 19. Bxe5 Nd7 20. Bg3 Nb6 21.
Na4 Nc4 22. Rbc1 Bd6 23. Bxd6 Nxd6 24. Nc5 Re7 1/2-1/2

[Event "Lloyds Bank Masters 14th"]
[Site "London"]
[Date "1990.08.24"]
[Round "7"]
[White "Britton, Richard"]
[Black "Lev, Ronen"]
[Result "1/2-1/2"]
[WhiteElo "2265"]
[BlackElo "2480"]
[PlyCount "105"]
[EventDate "1990.08.18"]
[EventType "swiss"]
[EventRounds "10"]
[EventCountry "ENG"]
[SourceTitle "BritBase"]
[Source "John Saunders"]
[SourceDate "2023.05.21"]
[SourceVersion "1"]
[SourceVersionDate "2023.05.21"]
[SourceQuality "1"]

1. e4 c5 2. Nf3 Nc6 3. d4 cxd4 4. Nxd4 g6 5. c4 Bg7 6. Be3 Nf6 7. Nc3 Ng4 8.
Qxg4 Bxd4 9. Bxd4 Nxd4 10. Qd1 e5 11. Qd2 d6 12. Bd3 Be6 13. O-O Rc8 14. b3 O-O
15. f4 exf4 16. Qxf4 Nc6 17. Rad1 Qa5 18. Nb5 Rcd8 19. Bb1 Ne5 20. Kh1 f6 21.
Nd4 Bd7 22. h3 a6 23. Rf2 Qc5 24. Qd2 Kg7 25. Rdf1 Rde8 26. Rd1 Nf7 27. Re2 Re7
28. b4 Qh5 29. Rc1 Rfe8 30. Rf2 Qg5 31. Qb2 Qe5 32. Rcf1 Rc8 33. Bd3 Be6 34.
Rxf6 Bxc4 35. Bxc4 Rxc4 36. Ne6+ Kg8 37. Qf2 Rxe4 38. Rxf7 Qxe6 39. Rf6 Qe5 40.
Rf8+ Kg7 41. Rg8+ Kh6 42. g4 Kg5 43. Qd2+ Rf4 44. h4+ Kxg4 45. Rg1+ Kh5 46.
Rg5+ Qxg5 47. hxg5 Ref7 48. Qe2+ Kxg5 49. Kg2 Rg4+ 50. Kh3 h5 51. Qe3+ Rff4 52.
Qe7+ Rf6 53. Qe3+ 1/2-1/2

[Event "Lloyds Bank Masters 14th"]
[Site "London"]
[Date "1990.08.24"]
[Round "7"]
[White "Fedorowicz, John P"]
[Black "Beake, Ben"]
[Result "1/2-1/2"]
[WhiteElo "2565"]
[BlackElo "2275"]
[PlyCount "70"]
[EventDate "1990.08.18"]
[EventType "swiss"]
[EventRounds "10"]
[EventCountry "ENG"]
[SourceTitle "BritBase"]
[Source "John Saunders"]
[SourceDate "2023.05.21"]
[SourceVersion "1"]
[SourceVersionDate "2023.05.21"]
[SourceQuality "1"]

1. d4 Nf6 2. c4 g6 3. Nc3 Bg7 4. e4 d6 5. Be2 O-O 6. Bg5 c5 7. d5 h6 8. Be3 e6
9. Qd2 exd5 10. cxd5 Re8 11. f3 h5 12. Bg5 Qe7 13. a4 a6 14. a5 Qe5 15. Na4
Nbd7 16. Bf4 Qe7 17. Nh3 Nh7 18. O-O b5 19. axb6 Rb8 20. Qa5 Bd4+ 21. Kh1 Be5
22. Bxe5 Nxe5 23. Nf2 Bd7 24. Bxa6 Qd8 25. f4 Ng4 26. Nxg4 hxg4 27. e5 Bxa4 28.
Qxa4 Rxb6 29. e6 fxe6 30. Rfe1 Rxb2 31. dxe6 Qa8 32. Rg1 Nf6 33. Qa3 Qb8 34.
Qd3 Kg7 35. f5 d5 1/2-1/2

[Event "Lloyds Bank Masters 14th"]
[Site "London"]
[Date "1990.08.24"]
[Round "7"]
[White "Gallagher, Joseph G"]
[Black "McNab, Colin Anderson"]
[Result "1/2-1/2"]
[WhiteElo "2495"]
[BlackElo "2385"]
[PlyCount "49"]
[EventDate "1990.08.18"]
[EventType "swiss"]
[EventRounds "10"]
[EventCountry "ENG"]
[SourceTitle "BritBase"]
[Source "John Saunders"]
[SourceDate "2023.05.21"]
[SourceVersion "1"]
[SourceVersionDate "2023.05.21"]
[SourceQuality "1"]

1. e4 g6 2. d4 d6 3. Nc3 Bg7 4. Nf3 Nf6 5. Be2 O-O 6. O-O c6 7. Re1 Qc7 8. Bf4
Nh5 9. Bg5 h6 10. Be3 e5 11. Qd2 Kh7 12. Rad1 Nd7 13. d5 c5 14. h3 a6 15. a4
Qa5 16. Ra1 Nhf6 17. Qd3 Ne8 18. Nd2 Qd8 19. Nc4 f5 20. exf5 gxf5 21. f4 exf4
22. Bxf4 Bd4+ 23. Kh2 Ne5 24. Qd2 Nf6 25. g3 1/2-1/2

[Event "Lloyds Bank Masters 14th"]
[Site "London"]
[Date "1990.08.24"]
[Round "7"]
[White "Hodgson, Julian M"]
[Black "Naumkin, Igor"]
[Result "1-0"]
[WhiteElo "2555"]
[BlackElo "2445"]
[PlyCount "47"]
[EventDate "1990.08.18"]
[EventType "swiss"]
[EventRounds "10"]
[EventCountry "ENG"]
[SourceTitle "BritBase"]
[Source "John Saunders"]
[SourceDate "2023.05.21"]
[SourceVersion "1"]
[SourceVersionDate "2023.05.21"]
[SourceQuality "1"]

1. g3 e5 2. Bg2 d5 3. d3 Nf6 4. Nf3 Nc6 5. O-O Be7 6. c4 dxc4 7. dxc4 O-O 8.
Nc3 Be6 9. Qb3 Na5 10. Qc2 Nxc4 11. Ng5 Nd6 12. Nxe6 fxe6 13. Qb3 Qc8 14. Bh3
Kf7 15. f4 exf4 16. Bxf4 b5 17. e4 b4 18. Nd5 Ndxe4 19. Nxc7 Nc5 20. Qe3 Rb8
21. Rac1 Rb6 22. Rxc5 Bxc5 23. Qxc5 Kg8 24. Bd6 1-0

[Event "Lloyds Bank Masters 14th"]
[Site "London"]
[Date "1990.08.24"]
[Round "7"]
[White "Howell, James C"]
[Black "Barua, Dibyendu"]
[Result "0-1"]
[WhiteElo "2415"]
[BlackElo "2490"]
[PlyCount "72"]
[EventDate "1990.08.18"]
[EventType "swiss"]
[EventRounds "10"]
[EventCountry "ENG"]
[SourceTitle "BritBase"]
[Source "John Saunders"]
[SourceDate "2023.05.21"]
[SourceVersion "1"]
[SourceVersionDate "2023.05.21"]
[SourceQuality "1"]

1. e4 e5 2. Nf3 d6 3. d4 Nd7 4. Bc4 c6 5. O-O Be7 6. a4 Ngf6 7. Nc3 O-O 8. Qe2
exd4 9. Nxd4 Ne5 10. Bb3 Re8 11. Kh1 Bf8 12. Be3 c5 13. Ndb5 a6 14. Na3 Neg4
15. Bg5 h6 16. Bh4 g5 17. Bg3 d5 18. f3 c4 19. Ba2 d4 20. Nd1 Bxa3 21. bxa3 b5
22. e5 Nxe5 23. Bxe5 Qd5 24. Re1 Nd7 25. f4 Bb7 26. Nb2 Nxe5 27. fxe5 Rxe5 28.
Qf1 Rae8 29. Rxe5 Rxe5 30. axb5 axb5 31. a4 Qe4 32. Bxc4 bxc4 33. Nxc4 Rf5 34.
Qg1 Qc6 35. Na3 Qc3 36. Nb5 {Time} Bxg2+ 0-1

[Event "Lloyds Bank Masters 14th"]
[Site "London"]
[Date "1990.08.24"]
[Round "7"]
[White "Janjgava, Lasha"]
[Black "Emms, John M"]
[Result "0-1"]
[WhiteElo "2470"]
[BlackElo "2430"]
[PlyCount "92"]
[EventDate "1990.08.18"]
[EventType "swiss"]
[EventRounds "10"]
[EventCountry "ENG"]
[SourceTitle "BritBase"]
[Source "John Saunders"]
[SourceDate "2023.05.21"]
[SourceVersion "1"]
[SourceVersionDate "2023.05.21"]
[SourceQuality "1"]

1. Nf3 Nf6 2. c4 e6 3. d4 b6 4. g3 Bb7 5. Bg2 Be7 6. Nc3 O-O 7. O-O Ne4 8. Bd2
f5 9. d5 Bf6 10. Rc1 c5 11. Be1 Bxc3 12. Bxc3 exd5 13. cxd5 d6 14. Nd2 Nxc3 15.
bxc3 Nd7 16. c4 Nf6 17. e4 fxe4 18. Nxe4 Nxe4 19. Bxe4 Qf6 20. Qd3 h6 21. Bg6
a6 22. Rce1 Bc8 23. f4 b5 24. f5 bxc4 25. Qxc4 Ra7 26. Re3 Bd7 27. Qe4 Rc7 28.
g4 c4 29. Rc1 c3 30. Kg2 Rfc8 31. h3 c2 32. Qe7 Qd4 33. f6 Qxf6 34. Qxf6 gxf6
35. Re7 Ba4 36. Re4 Bb5 37. Re3 Ba4 38. Re4 Rc4 39. Kf3 Rxe4 40. Bxe4 Rc3+ 41.
Kf4 Kg7 42. h4 Ra3 43. g5 hxg5+ 44. hxg5 fxg5+ 45. Kxg5 Rc3 46. Bf5 Rc4 0-1

[Event "Lloyds Bank Masters 14th"]
[Site "London"]
[Date "1990.08.24"]
[Round "7"]
[White "Levitt, Jonathan P"]
[Black "Adams, Michael"]
[Result "1/2-1/2"]
[WhiteElo "2455"]
[BlackElo "2590"]
[PlyCount "80"]
[EventDate "1990.08.18"]
[EventType "swiss"]
[EventRounds "10"]
[EventCountry "ENG"]
[SourceTitle "BritBase"]
[Source "John Saunders"]
[SourceDate "2023.05.21"]
[SourceVersion "1"]
[SourceVersionDate "2023.05.21"]
[SourceQuality "1"]

1. d4 d6 2. e4 Nf6 3. f3 e5 4. dxe5 dxe5 5. Qxd8+ Kxd8 6. Bc4 Ke8 7. Nc3 c6 8.
Nge2 Nbd7 9. a4 a5 10. Be3 Bc5 11. Kf2 Ke7 12. Nc1 Bxe3+ 13. Kxe3 Nc5 14. Nd3
Nxd3 15. Kxd3 Nd7 16. Ke3 Nc5 17. Rhd1 f6 18. Rd2 Rd8 19. Rad1 Rxd2 20. Rxd2
Bd7 21. Rd1 Rb8 22. Be2 Be6 23. Bf1 h5 24. h4 g5 25. g3 Rg8 26. Kf2 gxh4 27.
gxh4 f5 28. exf5 Bxf5 29. Rd2 Rf8 30. Ke3 Ne6 31. Ne2 Bg6 32. Bh3 Nc5 33. b3
Rf6 34. Bc8 b6 35. Bh3 Rf8 36. Bg2 Ne6 37. Bh3 Nc5 38. Bg2 Rg8 39. Bh3 Bh7 40.
Kf2 Rd8 1/2-1/2

[Event "Lloyds Bank Masters 14th"]
[Site "London"]
[Date "1990.08.24"]
[Round "7"]
[White "Maric, Alisa"]
[Black "Shabtai, Ran"]
[Result "1-0"]
[WhiteElo "2305"]
[BlackElo "2295"]
[PlyCount "73"]
[EventDate "1990.08.18"]
[EventType "swiss"]
[EventRounds "10"]
[EventCountry "ENG"]
[SourceTitle "BritBase"]
[Source "John Saunders"]
[SourceDate "2023.05.21"]
[SourceVersion "1"]
[SourceVersionDate "2023.05.21"]
[SourceQuality "1"]

1. d4 f5 2. Nf3 Nf6 3. g3 g6 4. Bg2 Bg7 5. O-O O-O 6. c4 d6 7. Nc3 Qe8 8. b3 c6
9. Ba3 Na6 10. Qd3 Bd7 11. e4 fxe4 12. Nxe4 Bf5 13. Nxf6+ Bxf6 14. Qd2 Nc7 15.
Rfe1 Qf7 16. Rad1 Bg4 17. h3 Bxf3 18. Bxf3 Ne6 19. Bb2 Bg5 20. Qe2 Qxf3 21.
Qxe6+ Rf7 22. Re2 Raf8 23. Rde1 d5 24. cxd5 cxd5 25. Bc1 Bf6 26. Be3 h5 27. h4
Kh7 28. Rc2 Bxh4 29. gxh4 Rf5 30. Qxe7+ R8f7 31. Qd6 Qe4 32. Rc7 Qg4+ 33. Kf1
Qxh4 34. Rxf7+ Rxf7 35. Qxd5 Qh3+ 36. Ke2 Qg4+ 37. Kd2 1-0

[Event "Lloyds Bank Masters 14th"]
[Site "London"]
[Date "1990.08.24"]
[Round "7"]
[White "McDonald, Neil R"]
[Black "Sher, Miron N"]
[Result "1/2-1/2"]
[WhiteElo "2350"]
[BlackElo "2485"]
[PlyCount "73"]
[EventDate "1990.08.18"]
[EventType "swiss"]
[EventRounds "10"]
[EventCountry "ENG"]
[SourceTitle "BritBase"]
[Source "John Saunders"]
[SourceDate "2023.05.21"]
[SourceVersion "1"]
[SourceVersionDate "2023.05.21"]
[SourceQuality "1"]

1. e4 c5 2. Nf3 d6 3. d4 cxd4 4. Nxd4 Nf6 5. Nc3 Nc6 6. Bg5 e6 7. Qd2 a6 8.
O-O-O h6 9. Bf4 Bd7 10. Nxc6 Bxc6 11. Qe1 Be7 12. e5 Nh5 13. Be3 Qc7 14. Be2 g6
15. Bxh5 gxh5 16. Qe2 h4 17. Bd4 Rg8 18. exd6 Bxd6 19. Ne4 Rxg2 20. Nxd6+ Qxd6
21. Qe3 Bd5 22. Bc5 Qc6 23. c4 Bxc4 24. Rd6 Rg3 25. Rxc6 Rxe3 26. Rc7 Re5 27.
Be3 Bd3 28. Bxh6 Rd5 29. Rg1 Bg6 30. Bg5 Rd7 31. Rc3 b5 32. Rg4 Rd5 33. Rc7 Rd7
34. Rc3 Rd5 35. Rc7 Rd7 36. Rc3 Rd5 37. Rc7 1/2-1/2

[Event "Lloyds Bank Masters 14th"]
[Site "London"]
[Date "1990.08.24"]
[Round "7"]
[White "Meister, Peter"]
[Black "Cavendish, James"]
[Result "1-0"]
[WhiteElo "2420"]
[BlackElo "2325"]
[PlyCount "75"]
[EventDate "1990.08.18"]
[EventType "swiss"]
[EventRounds "10"]
[EventCountry "ENG"]
[SourceTitle "BritBase"]
[Source "John Saunders"]
[SourceDate "2023.05.21"]
[SourceVersion "1"]
[SourceVersionDate "2023.05.21"]
[SourceQuality "1"]

1. d4 d5 2. c4 Nc6 3. Nc3 dxc4 4. Nf3 Nf6 5. e3 e5 6. Nxe5 Nxe5 7. dxe5 Qxd1+
8. Nxd1 Bb4+ 9. Bd2 Bxd2+ 10. Kxd2 Ne4+ 11. Ke1 Be6 12. f3 Nc5 13. Rc1 O-O-O
14. Nf2 b5 15. b3 cxb3 16. Rxc5 bxa2 17. Rc1 b4 18. Ba6+ Kb8 19. Ke2 b3 20. Nd3
Rxd3 21. Kxd3 b2 22. Rb1 Rd8+ 23. Kc3 a1=Q 24. Rxa1 bxa1=Q+ 25. Rxa1 c5 26. f4
Bd5 27. Bc4 Bxc4 28. Kxc4 Rd2 29. Kxc5 Rxg2 30. Kd6 Rxh2 31. Ke7 g5 32. Kxf7
Re2 33. Ra3 gxf4 34. e6 Rb2 35. e7 Rb7 36. exf4 h5 37. Kf8 Rxe7 38. Kxe7 1-0

[Event "Lloyds Bank Masters 14th"]
[Site "London"]
[Date "1990.08.24"]
[Round "7"]
[White "Pritchett, Craig William"]
[Black "Coleman, David J"]
[Result "0-1"]
[WhiteElo "2355"]
[BlackElo "2235"]
[PlyCount "116"]
[EventDate "1990.08.18"]
[EventType "swiss"]
[EventRounds "10"]
[EventCountry "ENG"]
[SourceTitle "BritBase"]
[Source "John Saunders"]
[SourceDate "2023.05.21"]
[SourceVersion "1"]
[SourceVersionDate "2023.05.21"]
[SourceQuality "1"]

1. c4 g6 2. Nf3 Bg7 3. e4 d6 4. d4 Nf6 5. Nc3 O-O 6. Be2 e5 7. O-O Nc6 8. Be3
h6 9. d5 Ne7 10. Ne1 Ne8 11. Qd2 f5 12. Bxh6 f4 13. Bxg7 Kxg7 14. Nf3 Ng8 15.
Rfc1 g5 16. h3 Nh6 17. Kf1 g4 18. hxg4 Nxg4 19. Bd3 Rh8 20. Ke2 Nh2 21. Rg1 Bg4
22. Kd1 Bxf3+ 23. gxf3+ Kf7 24. Be2 Qh4 25. Qe1 a6 26. Kc2 Nf6 27. Rc1 Nh7 28.
Kb1 Ng5 29. Rh1 Qh3 30. c5 Ngxf3 31. Bxf3 Qxf3 32. cxd6 cxd6 33. Na4 Ng4 34.
Rc7+ Kf6 35. Rf1 Rac8 36. Rxc8 Rxc8 37. Nc3 Rh8 38. a3 Rh2 39. Qd1 Qxd1+ 40.
Nxd1 f3 41. Kc2 Kg5 42. Kd3 Kf4 43. a4 b6 44. b4 Rg2 45. a5 bxa5 46. bxa5 Rh2
47. Rg1 Nxf2+ 48. Nxf2 Rxf2 49. Rg6 Ra2 50. Rf6+ Kg5 51. Rf8 Kg4 52. Rf6 f2 53.
Ke3 Kg3 54. Rg6+ Kh2 55. Rh6+ Kg1 56. Rg6+ Kf1 57. Rxd6 Ke1 58. Rb6 Ra3+ 0-1

[Event "Lloyds Bank Masters 14th"]
[Site "London"]
[Date "1990.08.24"]
[Round "7"]
[White "Ravikumar, Vaidyanathan"]
[Black "Rashkovsky, Nukhim N"]
[Result "1/2-1/2"]
[WhiteElo "2355"]
[BlackElo "2530"]
[PlyCount "71"]
[EventDate "1990.08.18"]
[EventType "swiss"]
[EventRounds "10"]
[EventCountry "ENG"]
[SourceTitle "BritBase"]
[Source "John Saunders"]
[SourceDate "2023.05.21"]
[SourceVersion "1"]
[SourceVersionDate "2023.05.21"]
[SourceQuality "1"]

1. d4 Nf6 2. Nf3 e6 3. e3 b6 4. Be2 Bb7 5. O-O g6 6. b3 Bg7 7. Bb2 O-O 8. Nbd2
d6 9. c4 c5 10. dxc5 bxc5 11. Qc2 Qe7 12. Rac1 e5 13. Rfd1 e4 14. Ne1 Nbd7 15.
Nb1 Ne5 16. Rd2 h5 17. Rcd1 Rad8 18. Nc3 a6 19. Bf1 h4 20. a3 Nfg4 21. h3 Nf6
22. b4 Rc8 23. b5 a5 24. Na4 g5 25. Rxd6 g4 26. Bc3 gxh3 27. gxh3 Kh8 28. Rb6
Ba8 29. Qb2 Nh7 30. Ra6 Bb7 31. Ra7 Rg8 32. Nb6 Qg5+ 33. Kh1 Bf6 34. Ng2 Rc7
35. Rd6 Bg7 36. Nd5 1/2-1/2

[Event "Lloyds Bank Masters 14th"]
[Site "London"]
[Date "1990.08.24"]
[Round "7"]
[White "Soltis, Andrew E"]
[Black "Ernst, Thomas"]
[Result "1/2-1/2"]
[WhiteElo "2400"]
[BlackElo "2440"]
[PlyCount "55"]
[EventDate "1990.08.18"]
[EventType "swiss"]
[EventRounds "10"]
[EventCountry "ENG"]
[SourceTitle "BritBase"]
[Source "John Saunders"]
[SourceDate "2023.05.21"]
[SourceVersion "1"]
[SourceVersionDate "2023.05.21"]
[SourceQuality "1"]

1. e4 c5 2. Nc3 d6 3. Nge2 g6 4. d4 cxd4 5. Nxd4 Nf6 6. Be2 Bg7 7. Nb3 Nc6 8.
Be3 O-O 9. g4 Be6 10. g5 Nd7 11. h4 a5 12. Nd4 Nxd4 13. Bxd4 Bxd4 14. Qxd4 Qb6
15. O-O-O Qxd4 16. Rxd4 f6 17. Bc4 Bxc4 18. Rxc4 Nc5 19. Rd1 fxg5 20. e5 Rxf2
21. hxg5 Rf5 22. exd6 exd6 23. Rxd6 Rxg5 24. Nd5 Rg1+ 25. Kd2 Rg2+ 26. Ke3 Na6
27. Rd7 Rf8 28. Rc8 1/2-1/2

[Event "Lloyds Bank Masters 14th"]
[Site "London"]
[Date "1990.08.24"]
[Round "7"]
[White "Sturua, Zurab"]
[Black "Rogers, Ian"]
[Result "1/2-1/2"]
[WhiteElo "2470"]
[BlackElo "2535"]
[PlyCount "143"]
[EventDate "1990.08.18"]
[EventType "swiss"]
[EventRounds "10"]
[EventCountry "ENG"]
[SourceTitle "BritBase"]
[Source "John Saunders"]
[SourceDate "2023.05.21"]
[SourceVersion "1"]
[SourceVersionDate "2023.05.21"]
[SourceQuality "1"]

1. Nf3 c5 2. c4 g6 3. g3 Bg7 4. Bg2 Nc6 5. O-O e5 6. Nc3 Nge7 7. d3 d6 8. a3
O-O 9. Rb1 a5 10. Ne1 Be6 11. Nc2 d5 12. cxd5 Nxd5 13. Ne3 Nde7 14. Bd2 b6 15.
Na4 Ra7 16. b4 cxb4 17. axb4 b5 18. Nc5 Ba2 19. bxa5 Bxb1 20. Qxb1 Nxa5 21.
Qxb5 Qb8 22. Rb1 Qxb5 23. Rxb5 Nac6 24. Nb3 Rb8 25. Rxb8+ Nxb8 26. Na5 Bh6 27.
Bb4 Bxe3 28. fxe3 Nd7 29. Bb7 Nf5 30. Kf2 h5 31. h3 Kg7 32. Bf3 f6 33. Bd5 Nf8
34. Nc6 Ra4 35. g4 hxg4 36. hxg4 Nh6 37. g5 Ng4+ 38. Kf3 f5 39. Bc3 Nh7 40.
Nxe5 Nxg5+ 41. Kg3 Kh7 42. Nc4 Ra2 43. Kh4 Kh6 44. Bd2 Nh7 45. Kg3 Ngf6 46. Bf3
g5 47. Kf2 g4 48. Bg2 Nh5 49. Bc3 g3+ 50. Kf1 Ng5 51. Bc6 f4 52. Bd2 Ne6 53.
Kg2 Kg5 54. Bf3 Rc2 55. exf4+ Nexf4+ 56. Bxf4+ Nxf4+ 57. Kxg3 Nxe2+ 58. Bxe2
Rxe2 59. Kf3 Re6 60. d4 Kf6 61. Kf4 Ke7 62. Ne3 Kd6 63. Kf3 Re8 64. Ke2 Kc6 65.
Kd3 Kb5 66. Nc4 Rh8 67. Ne3 Rh4 68. Kc3 Rh3 69. Kd3 Kb4 70. Kd2 Kb3 71. Kd3 Rh4
72. Nd5 1/2-1/2

[Event "Lloyds Bank Masters 14th"]
[Site "London"]
[Date "1990.08.24"]
[Round "7"]
[White "Suba, Mihai"]
[Black "Conquest, Stuart C"]
[Result "0-1"]
[WhiteElo "2520"]
[BlackElo "2460"]
[PlyCount "123"]
[EventDate "1990.08.18"]
[EventType "swiss"]
[EventRounds "10"]
[EventCountry "ENG"]
[SourceTitle "BritBase"]
[Source "John Saunders"]
[SourceDate "2023.05.21"]
[SourceVersion "1"]
[SourceVersionDate "2023.05.21"]
[SourceQuality "1"]

1. c4 e5 2. g3 Nc6 3. Nc3 g6 4. Bg2 Bg7 5. Rb1 f5 6. d3 Nf6 7. e3 O-O 8. Nge2
Kh8 9. O-O Ne7 10. e4 d6 11. exf5 Nxf5 12. Bg5 h6 13. Bxf6 Qxf6 14. b4 h5 15.
b5 h4 16. Nd5 Qd8 17. Rb3 Be6 18. Nb4 Rb8 19. Ra3 hxg3 20. hxg3 Bh6 21. Nc2 a6
22. bxa6 bxa6 23. Nc3 Nh4 24. gxh4 Qxh4 25. Ne2 Rf5 26. Ng3 Bf4 27. Re1 Bxg3
28. fxg3 Qxg3 29. Re2 Rh5 30. Ne3 Qh2+ 31. Kf2 Qh4+ 32. Kg1 Rf8 33. Nf1 Qd4+
34. Ne3 Bg4 35. Qe1 Bxe2 36. Qxe2 Qf4 37. Nf1 Qd4+ 38. Ne3 Qh4 39. Nf1 Rhf5 40.
Qe3 Rf2 41. d4 exd4 42. Qh3 Qxh3 43. Rxh3+ Kg7 44. Rd3 Rxa2 45. Rxd4 Ra1 46. c5
dxc5 47. Rc4 a5 48. Rxc5 Rf7 49. Rc3 a4 50. Bf3 a3 51. Be2 c5 52. Kg2 Ra7 53.
Bc4 a2 54. Rc2 Rxf1 55. Bxa2 Rf5 56. Bc4 Ra3 57. Bb5 Kf6 58. Rc4 Rb3 59. Ba6
Rb4 60. Rc3 Rg4+ 61. Kh3 Rd4 62. Kg3 0-1

[Event "Lloyds Bank Masters 14th"]
[Site "London"]
[Date "1990.08.24"]
[Round "7"]
[White "Ward, Christopher G"]
[Black "Nunn, John DM"]
[Result "0-1"]
[WhiteElo "2460"]
[BlackElo "2610"]
[PlyCount "86"]
[EventDate "1990.08.18"]
[EventType "swiss"]
[EventRounds "10"]
[EventCountry "ENG"]
[SourceTitle "BritBase"]
[Source "John Saunders"]
[SourceDate "2023.05.21"]
[SourceVersion "1"]
[SourceVersionDate "2023.05.21"]
[SourceQuality "1"]

1. d4 Nf6 2. c4 g6 3. Nc3 Bg7 4. e4 d6 5. f4 c5 6. dxc5 Qa5 7. Bd3 Nfd7 8. Nge2
Nxc5 9. O-O Nc6 10. Nd5 Nb4 11. Nxb4 Qxb4 12. Rb1 d5 13. a3 Qb6 14. Be3 dxe4
15. Bxe4 Qc7 16. Bd4 e5 17. Bxc5 Qxc5+ 18. Kh1 Qxc4 19. Bd5 Qa6 20. Ng3 O-O 21.
f5 Bh6 22. Qf3 Rb8 23. Rbe1 Bf4 24. fxg6 hxg6 25. Ne2 Bd2 26. Rd1 Bh6 27. Bxf7+
Kh7 28. Qe4 Bf5 29. Rxf5 gxf5 30. Qxf5+ Kh8 31. Rd3 Rxf7 32. Qxe5+ Kh7 33. Rd6
Rf1+ 34. Ng1 Rxg1+ 35. Kxg1 Be3+ 36. Qxe3 Qxd6 37. Qe4+ Kg7 38. Qg4+ Kf8 39.
Qf5+ Ke8 40. Qh5+ Kd8 41. Qh8+ Kc7 42. Qc3+ Kb6 43. Qb3+ Ka5 0-1

[Event "Lloyds Bank Masters 14th"]
[Site "London"]
[Date "1990.08.24"]
[Round "7"]
[White "Wojtkiewicz, Aleksander"]
[Black "Ledger, Andrew"]
[Result "1-0"]
[WhiteElo "2515"]
[BlackElo "2350"]
[PlyCount "81"]
[EventDate "1990.08.18"]
[EventType "swiss"]
[EventRounds "10"]
[EventCountry "ENG"]
[SourceTitle "BritBase"]
[Source "John Saunders"]
[SourceDate "2023.05.21"]
[SourceVersion "1"]
[SourceVersionDate "2023.05.21"]
[SourceQuality "1"]

1. Nf3 Nf6 2. c4 c6 3. d4 d5 4. Qb3 dxc4 5. Qxc4 g6 6. Nc3 Bg7 7. e4 O-O 8. Be2
b5 9. Qd3 a5 10. O-O Qc7 11. Qc2 b4 12. Na4 Ba6 13. b3 Nfd7 14. Be3 Bxe2 15.
Qxe2 Qb7 16. Rac1 Na6 17. Rfd1 Rac8 18. Nd2 Nb6 19. Nxb6 Qxb6 20. Nc4 Qb5 21.
Qc2 Rfd8 22. Nb2 Rc7 23. Na4 e6 24. h3 h5 25. Rd2 Kh7 26. Qc4 Qb7 27. Bf4 Rcc8
28. Nc5 Nxc5 29. Qxc5 Qa6 30. Rc4 Bf8 31. Qg5 Bg7 32. Be3 f5 33. Qe7 Re8 34.
Qf7 fxe4 35. Rdc2 Rcd8 36. Rxc6 Qd3 37. Rc7 Rg8 38. Qxe6 Qd1+ 39. Kh2 Rde8 40.
Qd5 Kh8 41. Qg5 1-0

[Event "Lloyds Bank Masters 14th"]
[Site "London"]
[Date "1990.08.24"]
[Round "7"]
[White "Zueger, Beat"]
[Black "Cullip, Stephen"]
[Result "1-0"]
[WhiteElo "2425"]
[BlackElo "2270"]
[PlyCount "79"]
[EventDate "1990.08.18"]
[EventType "swiss"]
[EventRounds "10"]
[EventCountry "ENG"]
[SourceTitle "BritBase"]
[Source "John Saunders"]
[SourceDate "2023.05.21"]
[SourceVersion "1"]
[SourceVersionDate "2023.05.21"]
[SourceQuality "1"]

1. d4 Nf6 2. c4 e6 3. Nf3 b6 4. g3 Ba6 5. b3 d5 6. Bg2 Bb4+ 7. Bd2 Bxd2+ 8.
Nbxd2 O-O 9. O-O Nbd7 10. Re1 Rc8 11. Qc1 Bb7 12. c5 Bc6 13. b4 Qe7 14. a4 a6
15. e3 b5 16. Bf1 Rb8 17. axb5 Bxb5 18. Bxb5 Rxb5 19. Qc3 Nb8 20. Ne5 Nfd7 21.
Nd3 Re8 22. e4 dxe4 23. Nxe4 Nf6 24. Qc4 Nxe4 25. Rxe4 Qd7 26. d5 exd5 27.
Rxe8+ Qxe8 28. Qxd5 Kf8 29. Re1 Qd7 30. Qe4 g6 31. Ne5 Qe6 32. Qd4 Kg8 33. Re3
Nc6 34. Nxc6 Qxc6 35. Qd8+ Kg7 36. Re8 Qf3 37. Rg8+ Kh6 38. Qd2+ Kh5 39. h3 f5
40. Rh8 1-0

[Event "Lloyds Bank Masters 14th"]
[Site "London"]
[Date "1990.08.24"]
[Round "7"]
[White "Suetin, Alexey S"]
[Black "Chandler, Murray G"]
[Result "0-1"]
[WhiteElo "2355"]
[BlackElo "2585"]
[PlyCount "76"]
[EventDate "1990.08.18"]
[EventType "swiss"]
[EventRounds "10"]
[EventCountry "ENG"]
[SourceTitle "BritBase"]
[Source "John Saunders"]
[SourceDate "2023.05.21"]
[SourceVersion "1"]
[SourceVersionDate "2023.05.21"]
[SourceQuality "1"]

1. Nf3 c5 2. c4 Nc6 3. Nc3 Nf6 4. g3 d5 5. cxd5 Nxd5 6. Bg2 Nc7 7. O-O e5 8. d3
Be7 9. Nd2 Bd7 10. Nc4 O-O 11. Bxc6 Bxc6 12. Nxe5 Be8 13. Be3 Bf6 14. Nf3 Ne6
15. Qb3 Bc6 16. Ne4 Bd4 17. Bxd4 cxd4 18. Rac1 Kh8 19. Rfe1 Qa5 20. Qa3 Qh5 21.
Qe7 h6 22. a3 Rae8 23. Qd6 Rd8 24. Qb4 Rd5 25. Rc2 Re8 26. Rec1 f5 27. Ned2 a5
28. Qb6 Rb5 29. Qa7 Ng5 30. Rxc6 bxc6 31. Qxd4 Rxe2 32. Kg2 Rd5 33. Qc3 Qh3+
34. Kg1 Qg4 35. Nxg5 hxg5 36. Nc4 Qf3 37. Rf1 Rxd3 38. Qc1 Rxf2 0-1

[Event "Lloyds Bank Masters 14th"]
[Site "London"]
[Date "1990.08.25"]
[Round "8"]
[White "Ansell, Simon T"]
[Black "Grosar, Aljosa"]
[Result "0-1"]
[WhiteElo "2230"]
[BlackElo "2330"]
[PlyCount "80"]
[EventDate "1990.08.18"]
[EventType "swiss"]
[EventRounds "10"]
[EventCountry "ENG"]
[SourceTitle "BritBase"]
[Source "John Saunders"]
[SourceDate "2023.05.21"]
[SourceVersion "1"]
[SourceVersionDate "2023.05.21"]
[SourceQuality "1"]

1. e4 c5 2. Nf3 d6 3. d4 cxd4 4. Nxd4 Nf6 5. Nc3 Nc6 6. Bg5 e6 7. Qd2 a6 8.
O-O-O Bd7 9. f4 b5 10. Nxc6 Bxc6 11. Bd3 Be7 12. Kb1 b4 13. Bxf6 Bxf6 14. Ne2
Qb6 15. g4 g5 16. fxg5 Be5 17. Rhf1 a5 18. Rc1 a4 19. c3 bxc3 20. Nxc3 a3 21.
b3 Qd4 22. Rfd1 O-O 23. Qe2 Qb4 24. Qe1 Rfb8 25. Rc2 Ba4 26. Nxa4 Qxa4 27. Bc4
Qe8 28. Qe3 Qf8 29. h4 Bh8 30. Kc1 Ra5 31. Qd2 Re5 32. Qxd6 Qxd6 33. Rxd6 Rxe4
34. Rd7 Rxg4 35. Rf2 Rf8 36. Kd2 Be5 37. Ke3 Rxh4 38. Rf3 Rg4 39. Rdxf7 Rxf7
40. Bxe6 Rgf4 0-1